The Events of 9/11 - Statistics

General Stats
  • This quiz has been taken 29,375 times
  • The average score is 14 of 20
Answer Stats
Hint Answer % Correct
Cities that were attacked New York
99%
Specific buildings which were attacked World Trade Center
96%
Leader of that group Osama Bin Laden
94%
Specific buildings which were attacked Pentagon
94%
Country which gave the terrorist group safe harbor Afghanistan
92%
Cities that were attacked Washington D.C.
92%
Country invaded by the U.S. in 2003, despite having almost nothing to do with 9/11 Iraq
91%
Terrorist group that was responsible Al-Qaeda
88%
Country that 15 of the 19 hijackers came from Saudi Arabia
78%
Islamist militant group which was in control of that country Taliban
76%
Prison in Cuba to which many suspected terrorists were taken Guantanamo Bay
71%
What President Bush was doing when the attack happened Reading to children
69%
"Enhanced interrogation technique" infamously used at that prison Waterboarding
60%
U.S. cabinet department which was created in response to the 9/11 attacks {Homeland} Security
58%
Mayor who was named Time magazine's Person of the Year in 2001 Rudy Giuliani
48%
U.S. law passed in 2001, which gave law enforcement more power to spy on U.S. citizens {Patriot} Act
42%
Disputed region in which people were filmed celebrating the attack on the streets Palestine
41%
Flight number of the plane that crashed in Pennsylvania United {93}
41%
Famous last words of heroic passenger Todd Beamer {Let}'{s} {roll}
24%
Person commonly called the "mastermind" of September 11th Khalid Sheikh Mohammed
12%
No matching quizzes found
Score Distribution
Percent of People with Each Score
Percentile by Number Answered
Your Score History
You have not taken this quiz